| 000 -LEADER |
| fixed length control field |
01457cam a22004935a 4500 |
| 001 - CONTROL NUMBER |
| control field |
13252981 |
| 003 - CONTROL NUMBER IDENTIFIER |
| control field |
LIBRIS |
| 005 - DATE AND TIME OF LATEST TRANSACTION |
| control field |
20241105172652.0 |
| 007 - PHYSICAL DESCRIPTION FIXED FIELD--GENERAL INFORMATION |
| fixed length control field |
cr ||| ||||| |
| 008 - FIXED-LENGTH DATA ELEMENTS--GENERAL INFORMATION |
| fixed length control field |
120426s2011 xx |||||o|||||000 0|und|d |
| 020 ## - INTERNATIONAL STANDARD BOOK NUMBER |
| International Standard Book Number |
9780826106872 (Print) |
| 035 ## - SYSTEM CONTROL NUMBER |
| System control number |
(EBZ)ebs1146540e |
| 035 ## - SYSTEM CONTROL NUMBER |
| System control number |
(ALMA)991000903726903631 |
| 035 ## - SYSTEM CONTROL NUMBER |
| System control number |
(WaSeSS)ssj0000523667 |
| 035 ## - SYSTEM CONTROL NUMBER |
| System control number |
(ALMA)9943058202336 |
| 035 ## - SYSTEM CONTROL NUMBER |
| System control number |
(WaSeSS)ssj0000523667 |
| 035 ## - SYSTEM CONTROL NUMBER |
| System control number |
(EBZ)ebs1146540e |
| 035 ## - SYSTEM CONTROL NUMBER |
| System control number |
(EBZ)ebs1146540e |
| 035 ## - SYSTEM CONTROL NUMBER |
| System control number |
(EBZ)ebs1146540e |
| 035 ## - SYSTEM CONTROL NUMBER |
| System control number |
(EBZ)ebs1146540e |
| 035 ## - SYSTEM CONTROL NUMBER |
| System control number |
(EBZ)ebs1146540e |
| 035 ## - SYSTEM CONTROL NUMBER |
| System control number |
(EBZ)ebs1146540e |
| 035 ## - SYSTEM CONTROL NUMBER |
| System control number |
(EBZ)ebs1146540e |
| 035 ## - SYSTEM CONTROL NUMBER |
| System control number |
(WaSeSS)ssj0000523667 |
| 035 ## - SYSTEM CONTROL NUMBER |
| System control number |
(EBZ)ebs1146540e |
| 040 ## - CATALOGING SOURCE |
| Description conventions |
a |
| Transcribing agency |
DLC |
| 041 ## - LANGUAGE CODE |
| Language code of text/sound track or separate title |
und |
| 080 ## - UNIVERSAL DECIMAL CLASSIFICATION NUMBER |
| Universal Decimal Classification number |
614 |
| Item number |
H-43 |
| 100 1# - MAIN ENTRY--PERSONAL NAME |
| Personal name |
Weisfeld, Victoria D. |
| 245 10 - TITLE STATEMENT |
| Title |
Jonas & Kovner's Health Care Delivery in the United States |
| Medium |
[Elektronisk resurs] |
| 260 ## - PUBLICATION, DISTRIBUTION, ETC. |
| Name of publisher, distributor, etc. |
Springer Publishing Company, |
| Date of publication, distribution, etc. |
2011 |
| 300 ## - PHYSICAL DESCRIPTION |
| Extent |
405 |
| Dimensions |
ill |
| 500 ## - GENERAL NOTE |
| General note |
Book |
| 650 #4 - SUBJECT ADDED ENTRY--TOPICAL TERM |
| Topical term or geographic name entry element |
MEDICAL / Health Care Delivery |
| 650 #4 - SUBJECT ADDED ENTRY--TOPICAL TERM |
| Topical term or geographic name entry element |
MEDICAL / Health Policy |
| 653 ## - INDEX TERM--UNCONTROLLED |
| Uncontrolled term |
მედიცინა |
| 653 ## - INDEX TERM--UNCONTROLLED |
| Uncontrolled term |
ჯანდაცვა |
| 700 0# - ADDED ENTRY--PERSONAL NAME |
| Personal name |
Kovner |
| Relationship |
edt |
| 700 1# - ADDED ENTRY--PERSONAL NAME |
| Personal name |
Jonas, Steven. |
| 700 1# - ADDED ENTRY--PERSONAL NAME |
| Personal name |
Kovner, Anthony R. |
| 700 1# - ADDED ENTRY--PERSONAL NAME |
| Personal name |
Knickman, James. |
| 776 08 - ADDITIONAL PHYSICAL FORM ENTRY |
| Relationship information |
Print |
| Title |
Jonas & Kovner's Health Care Delivery in the United States |
| International Standard Book Number |
978-0-8261-0687-2 |
| 942 ## - ADDED ENTRY ELEMENTS (KOHA) |
| Source of classification or shelving scheme |
|
| Koha item type |
Books |